Introduction to music for children : methodology playing the instruments suggestions for teachers

Αποθηκεύτηκε σε:
Λεπτομέρειες βιβλιογραφικής εγγραφής
Κύριος συγγραφέας: Keller, Wilhelm
Μορφή: Βιβλίο
Γλώσσα:English
Δημοσίευση: Mainz ; London : c1974
Θέματα:
Ετικέτες: Προσθήκη ετικέτας
Δεν υπάρχουν, Καταχωρήστε ετικέτα πρώτοι!

MARC

LEADER 00000nam a2200000 i 4500
001 1/23029
008 960715s1974 eng d
020 |a 0-930448-10-3 
035 |a 1988  |b 3  |c Αγορά/Τσαφταρίδης  |l 10036732 
040 |a GR-MY-UA  |b gre  |e aacr 
041 0 |a eng 
082 0 |a 372.87 
100 1 |a Keller, Wilhelm. 
245 1 0 |a Introduction to music for children :  |b methodology playing the instruments suggestions for teachers /  |c Wilhelm Keller 
260 |a Mainz ; London :   |c c1974 
300 |a 67 p. 
500 |a Orff-Schulwerk system 
650 0 0 |a Music  |x Instruction and study  |x Juvenile. 
852 |a INST  |b RHODES  |e 19960715  |h 372.87 KEL  |p 005400008967  |q 005400008967  |t BK  |y 0 
909 |a Ρ  |b 012948  |c 1988